[Event "Kuwait Rapid op 3rd"]
[Site "Kuwait City"]
[Date "2025.05.02"]
[Round "1"]
[White "Alabdaljader, Mohammed"]
[Black "Fawzy, Adham"]
[Result "0-1"]
[WhiteElo "1774"]
[BlackElo "2513"]
[PlyCount "74"]
[EventDate "2025.05.02"]
[EventType "swiss (rapid)"]
[EventRounds "9"]
[EventCountry "KUW"]
[SourceTitle "CB19_2025"]
[SourceDate "2025.05.07"]
[SourceVersion "1"]
[SourceVersionDate "2025.05.07"]
[SourceQuality "1"]

1. e4 c5 2. b3 Nc6 3. Bb2 d6 4. Bb5 e5 5. Nf3 Nge7 6. Qe2 g6 7. 0-0 Bg7 8. h3 0-0 9. Re1 a6 10. Bxc6 Nxc6 11. d3 b5 12. Nbd2 Be6 13. a4 h6 14. Ra2 Nb4 15. Raa1 Nxc2 16. Rec1 Nxa1 17. Rxa1 Qd7 18. a5 Kh7 19. Nh4 Rae8 20. Nf1 d5 21. Ng3 d4 22. Rc1 Rc8 23. Ba3 b4 24. Bb2 Bxb3 25. Qf3 Be6 26. Nh5 gxh5 27. Qxh5 Qe7 28. Nf3 f5 29. Re1 Qe8 30. Qh4 Bf6 31. Qg3 f4 32. Qh2 Rg8 33. Kh1 Qh5 34. Rg1 Rg7 35. Bc1 Rcg8 36. Bd2 Rxg2 37. Rxg2 Qxf3 0-1

[Event "Olympiad-45"]
[Site "Budapest"]
[Date "2024.09.16"]
[Round "6.67"]
[White "Miswadah, Baha"]
[Black "Alabdaljader, Mohammed"]
[Result "1-0"]
[WhiteElo "1957"]
[BlackElo "1677"]
[PlyCount "99"]
[EventDate "2024.09.11"]
[EventType "team-swiss"]
[EventRounds "11"]
[EventCountry "HUN"]
[SourceTitle "EXT 2025"]
[Source "ChessBase"]
[SourceDate "2024.10.14"]
[SourceVersion "1"]
[SourceVersionDate "2024.10.14"]
[SourceQuality "1"]
[WhiteTeam "Palestine"]
[BlackTeam "Kuwait"]
[WhiteTeamCountry "PLE"]
[BlackTeamCountry "KUW"]

1. d4 Nf6 2. Bf4 d5 3. e3 e6 4. Nf3 c5 5. c3 Nc6 6. Nbd2 cxd4 7. exd4 Nh5 8. Be5 f6 9. Bg3 Bd6 10. Bxd6 Qxd6 11. Nh4 g6 12. g3 0-0 13. Bd3 Ne7 14. Qe2 Ng7 15. f4 Bd7 16. Ndf3 Nc6 17. Ng2 Rae8 18. 0-0-0 Qc7 19. Kb1 e5 20. dxe5 fxe5 21. Nxe5 Nxe5 22. fxe5 Rxe5 23. Qd2 Rf3 24. Bc2 Ne6 25. Rhf1 Ng5 26. Nf4 Rxf1 27. Rxf1 Qc5 28. Bb3 Bf5+ 29. Ka1 Be4 30. h4 Nf3 31. Qd1 Kh8 32. a3 Qb5 33. a4 Qb6 34. Ka2 Qe3 35. Nd3 Re7 36. Nb4 Rf7 37. Nxd5 Qc5 38. Nf4 Ne5 39. Bxf7 Nxf7 40. Qd4+ Qxd4 41. cxd4 Nd6 42. b3 Nf5 43. Ne6 Bd5 44. Nc7 Be4 45. Rf4 Bg2 46. d5 Kg7 47. h5 Kf6 48. g4 Ke5 49. gxf5 Kxf4 50. f6 1-0

[Event "Olympiad-45"]
[Site "Budapest"]
[Date "2024.09.15"]
[Round "5.73"]
[White "Alabdaljader, Mohammed"]
[Black "Nitzborn, Max Baron"]
[Result "1-0"]
[WhiteElo "1677"]
[BlackElo "1800"]
[PlyCount "101"]
[EventDate "2024.09.11"]
[EventType "team-swiss"]
[EventRounds "11"]
[EventCountry "HUN"]
[SourceTitle "EXT 2025"]
[Source "ChessBase"]
[SourceDate "2024.10.14"]
[SourceVersion "1"]
[SourceVersionDate "2024.10.14"]
[SourceQuality "1"]
[WhiteTeam "Kuwait"]
[BlackTeam "Namibia"]
[WhiteTeamCountry "KUW"]
[BlackTeamCountry "NAM"]

1. e4 c5 2. b3 Nc6 3. Bb2 d6 4. Bb5 Bd7 5. Nc3 Nf6 6. f4 Nd4 7. Bxd7+ Qxd7 8. Nf3 Ne6 9. g3 g6 10. d3 Bg7 11. Qd2 Nc7 12. 0-0-0 0-0-0 13. Kb1 Ng4 14. h3 Nh6 15. Rhe1 e5 16. fxe5 dxe5 17. Na4 Qe7 18. Qa5 b5 19. Nc3 Rd6 20. Nd5 Nxd5 21. exd5 f6 22. Qxb5 Rb6 23. Qa5 Kb7 24. d4 Rc8 25. Ba3 Ra6 26. Qb5+ Rb6 27. Qe2 Ra6 28. Bxc5 Rxc5 29. dxc5 Qxc5 30. Rd2 Nf5 31. Qc4 Qa5 32. b4 Qa4 33. Qb3 Qxb3+ 34. cxb3 Nd6 35. Rc2 Bh6 36. a4 Rb6 37. b5 a6 38. bxa6+ Rxa6 39. Rc5 Rb6 40. Ka2 Nf5 41. g4 Bf8 42. Rc6 Nd6 43. Rec1 Rb4 44. Rc7+ Kb8 45. Rxh7 e4 46. Rh8 exf3 47. Rxf8+ Kb7 48. Rxf6 Ne4 49. Rxf3 Nd2 50. Re3 Rd4 51. Rd1 1-0